Name A City With 1 Million People In Each Country - Statistics

General Stats
  • This quiz has been taken 3,670 times
    3,232 since last reset
  • The average score is 79 of 94
Answers on the Map
Answers color-coded by a green-red scale on the quiz's map according to % correct below.
 
Answer Stats
# Largest Population Answer % Correct
10 8,175,133 New York | Los Angeles | Chicago | Houston | Philadelphia | Phoenix | San Antonio | San Diego | Dallas | San Jose
98%
3 3,426,354 Berlin | Hamburg | Munich
97%
2 3,255,944 Madrid | Barcelona
97%
12 12,294,193 Mexico City | Iztapalapa | Ecatepec de Morelos | Guadalajara | Puebla | Juarez | Tijuana | Leon de los Aldama | Gustavo Adolfo Madero | Zapopan | Monterrey | Ciudad Nezahualcoyotl
97%
12 10,381,222 Moscow | Saint Petersburg | Novosibirsk | Yekaterinburg | Nizhniy Novgorod | Samara | Omsk | Kazan | Rostov-na-Donu | Chelyabinsk | Ufa | Volgograd
97%
1 2,138,551 Paris
97%
15 10,021,295 Sao Paulo | Rio de Janeiro | Salvador | Fortaleza | Belo Horizonte | Brasilia | Curitiba | Manaus | Recife | Belem | Porto Alegre | Goiania | Guarulhos | Campinas | Nova Iguacu
97%
65 22,315,474 Shanghai | Beijing | Tianjin | Guangzhou | Shenzhen | Wuhan | Dongguan | Chongqing | Chengdu | Nanjing | Nanchong | Xi'an | Shenyang | Hangzhou | Harbin | Tai'an | Suzhou | Shantou | Jinan | Zhengzhou | Changchun | Dalian | Kunming | Qingdao | Foshan | Puyang | Wuxi | Xiamen | Tianshui | Ningbo | Shiyan | Taiyuan | Tangshan | Hefei | Zibo | Zhongshan | Changsha | Urumqi | Shijiazhuang | Lanzhou | Yunfu | Nanchang| Dadonghai | Ordos | Jilin | Bayan Nur | Kunshan | Xinyang | Fushun | Luoyang | Guankou | Handan | Baotou | Xuchang | Yueyang | Anshan | Tongshan | Fuzhou | Guiyang | Lijiang | Datong | Changshu City | Xianyang | Huainan | Jieyang | Zhu Cheng City
97%
2 2,318,895 Rome | Milan
96%
3 2,600,000 Toronto | Montreal | Calgary
96%
3 13,076,300 Buenos Aires | Cordoba | Rosario
95%
3 7,734,614 Cairo | Alexandria | Giza
95%
5 3,433,441 Cape Town | Durban | Johannesburg | Soweto | Pretoria
95%
5 2,797,553 Kyiv | Kharkiv | Dnipro | Donetsk | Odessa
95%
1 7,556,900 London
95%
41 33,807,403 New Delhi | Delhi | Mumbai | Bengaluru | Kolkata | Chennai | Ahmedabad | Hyderabad | Pune | Surat | Kanpur | Jaipur | Navi Mumbai | Lucknow | Nagpur | Indor | Patna | Bhopal | Ludhiana | Tirunelveli | Agra| Vadodara | Gorakhpur | Nashik | Pimpri | Kalyan | Thane | Meerut | Nowrangapur | Faridapur | Ghaziapur | Dombivli | Rajkot | Varanasi | Amritsar| Allahabad| Visakhapatnam | Teni | Jabalpur | Haora | Aurangabad | Shivaji Nagar
95%
1 1,515,017 Stockholm
95%
5 4,627,345 Sydney | Melbourne | Brisbane | Perth | Adelaide
95%
1 1,702,139 Warsaw
95%
6 14,804,116 Istanbul | Ankara | Izmir | Bursa | Adana | Gaziantep
94%
1 7,737,002 Lima
94%
13 37,115,035 Tokyo | Yokohama | Osaka | Nagoya | Sapporo | Kobe | Kyoto | Fukuoka | Kawasaki | Saitama | Hiroshima | Yono | Sendai
94%
4 7,674,366 Bogota | Cali | Medellin | Barranquilla
93%
12 8,540,121 Jakarta | Surabaya | Medan | Bandung | Bekasi | Palembang | Tangerang | Makassar | South Tangerang | Semarang | Depok | Batam
93%
1 4,837,295 Santiago
93%
1 1,691,468 Vienna
93%
1 5,104,476 Bangkok
92%
1 1,741,041 Budapest
92%
1 1,165,581 Prague
92%
1 1,019,022 Brussels
91%
1 1,877,155 Bucharest
91%
2 3,467,331 Ho Chi Minh | Hanoi
91%
6 7,153,309 Tehran | Mashhad | Isfahan | Karaj | Tabriz | Shiraz
91%
1 1,977,663 Algiers
90%
3 3,000,000 Caracas | Maracaibo | Maracay
90%
7 9,000,000 Lagos | Kano | Ibadan | Kaduna | Port Harcourt | Benin City | Maiduguri
90%
1 1,742,124 Minsk
90%
4 4,205,961 Riyadh | Jeddah | Mecca | Medina
90%
5 7,216,000 Baghdad | Basrah | Al Mawsil al Jadidah | Al Basrah al Qadimah | Mosul
89%
1 1,152,556 Sofia
89%
2 3,144,909 Casablanca | Rabat
88%
1 3,043,532 Kabul
87%
1 1,270,737 Montevideo
87%
1 2,750,547 Nairobi
87%
9 10,349,312 Seoul | Busan | Incheon | Daegu | Daejeon | Gwangju | Suwon | Goyang-Si | Seongnam-Si
87%
1 1,273,651 Belgrade
86%
2 1,952,029 Guayaquil | Quito
86%
1 2,757,729 Addis Ababa
85%
3 10,356,500 Dhaka | Chittagong | Khulna
85%
1 1,024,027 Dublin
85%
2 7,785,965 Kinshasa | Lubumbashi
85%
1 1,150,989 Tripoli
85%
2 1,602,264 Aleppo | Damascus
84%
1 1,153,615 Copenhagen
84%
8 11,624,219 Karachi | Lahore | Faisalabad | Rawalpindi | Multan | Hyderabad | Gujranwala | Peshawar
84%
1 1,442,271 Kathmandu
83%
2 1,459,994 Kota Bharu | Kuala Lumpur
83%
6 2,761,720 Quezon City | Manila | Caloocan City | Budta | Davao | Malingao
83%
1 1,482,200 Asuncion
82%
1 1,137,347 Dubai
82%
1 3,222,000 Pyongyang
82%
1 1,116,513 Baku
81%
1 2,476,400 Dakar
81%
1 2,163,824 Havana
81%
2 1,974,647 Khartoum | Omdurman
80%
1 1,275,857 Amman
79%
1 1,937,451 Sanaa
78%
3 7,871,900 Taipei | Kaohsiung | Taichung
78%
1 2,776,168 Luanda
77%
1 3,547,809 Singapore
77%
1 1,049,498 Tbilisi
77%
2 1,963,264 Accra | Kumasi
76%
1 2,587,183 Mogadishu
76%
1 2,698,652 Dar es Salaam
75%
1 1,573,544 Phnom Penh
74%
1 1,234,742 Port-au-Prince
74%
1 1,978,028 Tashkent
74%
1 1,284,609 Brazzaville
73%
1 1,093,485 Yerevan
73%
2 2,201,941 Santo Domingo | Santiago de los Caballeros
71%
2 1,916,100 Beirut | Ra's Bayrut
70%
1 1,542,813 Harare
70%
1 1,353,189 Kampala
70%
1 2,000,900 Almaty
67%
2 1,338,082 Douala | Yaoundé
67%
2 4,477,638 Yangon | Mandalay
67%
1 1,297,281 Bamako
66%
1 1,267,440 Lusaka
64%
1 1,191,613 Maputo
64%
1 1,086,505 Ouagadougou
63%
1 1,391,433 Antananarivo
62%
2 1,871,242 Camayenne | Conakry
60%
1 3,677,115 Abidjan
59%
1 1,019,022 Santa Cruz
48%
No matching quizzes found
Score Distribution
Percent of People with Each Score
Percentile by Number Answered
Your Score History
You have not taken this quiz since the last reset